000 03005 a2200433 4500
001 23216104
003 00000
005 20251011172240.0
006 m |o d |
007 cr_|||||||||||
008 230614s2024 enk ob 001 0 eng
010 _a 2023016119
020 _a9781032464633
020 _a9781032464633
035 _a23216104
040 _aDLC
_beng
_cDLC
_erda
_dDLC
042 _apcc
050 0 0 _aJZ 5578 .R58
082 0 0 _a302.2/223
_223/eng/20230705
100 1 _aRivera-Clonch, Michelle,
245 1 2 _aA depth psychological study of the peace symbol :
_bJung, politics and culture /
_cMichelle Rivera-Clonch.
260 _aAbingdon, Oxon ;
_bRoutledge,
_c2024.
264 1 _aAbingdon, Oxon ;
_aNew York, NY :
_bRoutledge,
_c2024.
300 _a1 online resource
336 _atext
_btxt
_2rdacontent
337 _acomputer
_bc
_2rdamedia
338 _aonline resource
_bcr
_2rdacarrier
490 0 _aFocus on Jung, politics and culture
504 _aIncludes bibliographical references and index.
520 _a"This engaging new book uncovers the cultural context behind the peace symbol's emergence, its growing significance in the 1960s, and its ongoing presence in today's worldwide grassroots and nonviolent social action protests. Since its debut in 1958, the peace symbol has become a ubiquitous presence in broadcasted images of protest and resistance, yet most citizens are unaware of the symbol's history or psychological evolution. It is a unique modern symbol in that it is at once an omnipresent and yet entirely unknown entity. This noteworthy text engages readers in fresh and thought-provoking ways around the interdependent relationships of peace and war, recognition and secrets, symbol and chaos, and action and inaction to name a few. In this book, Rivera-Clonch brings a depth psychological analysis to Post-World War II's escalating nuclear tensions and rhetoric and links it to today's increasing consciousness around social injustices and nonviolent activism. This is a timely and relevant interdisciplinary case study exploring the peace symbol through the dimensions of cultural secrets and psychological shadow, nuclearized storytelling and symbology, and grassroots nonviolent social action. A Depth Psychological Study of the Peace Symbol will be of interest to Jungian and depth psychologists, as well as students and scholars of peace studies and psychology"--
_cProvided by publisher.
588 _aDescription based on print version record and CIP data provided by publisher.
600 _2
650 0 _aSemiotics
_xPsychological aspects.
650 0 _aPeace symbol
_xPsychological aspects.
776 0 8 _iPrint version:
_aRivera-Clonch, Michelle.
_tDepth psychological study of the peace symbol
_dAbingdon, Oxon ; New York, NY : Routledge, 2023
_z9781032464640
_w(DLC) 2023016118
906 _a7
_bcbc
_corignew
_d1
_eecip
_f20
_gy-gencatlg
942 _2lcc
_cBK
999 _c43713
_d43713